|
|
|
|
| LEADER |
00802nam a22002171a 4500 |
| 001 |
c000079087 |
| 003 |
CARM |
| 005 |
00000000000000.0 |
| 008 |
920828s1940 enk 00010 eng d |
| 019 |
1 |
|
|a 3819983
|z 5509048
|5 LACONCORD2021
|
| 035 |
|
|
|a (OCoLC)2516012
|5 LACONCORD2021
|
| 043 |
|
|
|a e-uk-en
|
| 100 |
1 |
|
|a Tiltman, Marjorie (Hand) Hessell.
|
| 245 |
1 |
0 |
|a Cottage pie /
|c [by] Marjorie Hessell Tiltman.
|
| 260 |
|
|
|a [London] :
|b Hodder and Stoughton,
|c [1940].
|
| 300 |
|
|
|a 383 p. :
|b illus. ;
|c 21cm.
|
| 650 |
|
0 |
|a Country life
|z England.
|
| 650 |
|
0 |
|a Gardening.
|
| 852 |
8 |
|
|b CARM
|h A2:AD01A0
|i B02356
|p 0099944
|f BK
|
| 999 |
f |
f |
|i 1ca465cc-0866-57fa-90dd-e472a0fa695f
|s 0c80f214-00c6-549d-90d7-6ac638dce46b
|
| 952 |
f |
f |
|p Can circulate
|a CAVAL
|b CAVAL
|c CAVAL
|d CARM 1 Store
|e B02356
|f A2:AD01A0
|h Other scheme
|i book
|m 0099944
|